Statistics for Chelsea Current Squad (2017/18)

Click here to take the quiz!

General Stats

  • This quiz has been taken 69 times
    (56 since last reset)
  • The average score is 19 of 25

Answer Stats

No.Pos.CountryAnswer% Correct
10MFBelgiumEden Hazard
100%
7MFFranceN'Golo Kante
96%
1GKArgentinaWilly Caballero
94%
28DFSpainCesar Azpilicueta
94%
22MFBrazilWillian
94%
9FWSpainAlvaro Morata
94%
13GKBelgiumThibaut Courtois
94%
3DFSpainMarcos Alonso
92%
2DFGermanyAntonio Rudiger
92%
4MFSpainCesc Fabregas
90%
27DFDenmarkAndreas Christensen
85%
15MFNigeriaVictor Moses
85%
11MFSpainPedro
83%
24DFEnglandGary Cahill
83%
30DFBrazilDavid Luiz
81%
23FWBelgiumMichy Batshuayi
79%
19FWSpainDiego Costa
75%
21DFItalyDavide Zappacosta
75%
14MFFranceTiemoue Bakayoko
75%
6MFEnglandDanny Drinkwater
71%
37GKPortugalEduardo
65%
16MFBrazilKenedy
58%
17MFBelgiumCharly Musonda
44%
36MFUSAKyle Scott
21%
35DFEnglandJake Clarke-Salter
13%

Score Distribution

Percentile by Number Answered

Percent of People with Each Score

Your Score History

You have not taken this quiz since the last reset